Представление документа в формате RUSMARC

ПолеНазваниеЗначение
  Тип записи a
  Библиографический уровень a
001 Контрольный номер dd096bdf63a047768623e2c796e450b1
005 Дата корректировки 20260120162354.7
100 Данные общей обработки __
a Данные общей обработки 20260120a2025####|||y0rusy0189 ca
101 Язык документа 0_
a Язык текста rus
102 Страна публикации __
a Страна публикации RU
200 Заглавие и сведения об ответственности 1_
a Заглавие Служить тому, кто служит Богу
e Сведения, относящиеся к заглавию [интервью с матушкой Марией Головиной, супругой священника Алексия Головина, настоятеля храма Русской Православной Церкви в турецкой Анталье]
f Первые сведения об ответственности беседовал священник Алексий Головин
330 Аннотация __
a Аннотация Интервью с матушкой Марией Головиной, рассказывает об особенностях служения православной священнической семьи за границей, о том, чем живёт их приход и что объединяет русских людей, оказавшихся вдали от Родины.
461 Уровень набора _0
1 2000
a Славянка
463 Уровень физической единицы _0
1 2000
a № 6 (ноябрь-декабрь)
v С. 80-89 : фот.
1 2101
d 2025
1 001RU/REG73/CBS_GRAD/68b1381f34b447569aca3e7955223dfd
600 Персоналии _1
a Персоналии (Фамилия) Головина
g Полное имя Мария
600 Персоналии _1
a Персоналии (Фамилия) Головин
g Полное имя Алексий
606 Тематические рубрики 0_
a Основная рубрика Православие
610 Ключевые слова 0_
a Ключевые слова православная церковь, православные священники, русские приходы за границей, православные храмы, православные приходы
686 Индексы других классификаций __
a Классификационный индекс 86.372-6
801 Источник записи _0
a Страна RU
b Организация RuCBSGrad
c Дата составления 20260120
g Правила каталогизации RCR
801 Источник записи _1
a Страна RU
b Организация RuCBSGrad
c Дата составления 20260120
g Правила каталогизации RCR
852 Данные о местонахождении __
a Наименование организации МБУК ЦБС г. Димитровграда
901 Тип документа __
t Тип документа b
w Контрольный № источника RU/REG73/CBS_GRAD/68b1381f34b447569aca3e7955223dfd
909 Создатель записи __
a Создатель записи Тенигина
b Дата создания записи 20260120